El cristianismo : (Registro nro. 7190)

Detalles MARC
000 -LEADER
fixed length control field 00909nam a2200241 4500
001 - CONTROL NUMBER
control field 0000015378
005 - DATE AND TIME OF LATEST TRANSACTION
control field 20250329172015.0
007 - PHYSICAL DESCRIPTION FIXED FIELD--GENERAL INFORMATION
fixed length control field ta
008 - FIXED-LENGTH DATA ELEMENTS--GENERAL INFORMATION
fixed length control field 160627s1994 000 0 eng d
020 ## - INTERNATIONAL STANDARD BOOK NUMBER
International Standard Book Number (V1) 8475836690
040 ## - CATALOGING SOURCE
Original cataloging agency CO-CtgCURN
Language of cataloging spa
Transcribing agency coctgcurn
082 0# - DEWEY DECIMAL CLASSIFICATION NUMBER
Classification number R200.9
Item number C41c
100 1# - MAIN ENTRY--PERSONAL NAME
Personal name Chadwick, Henry.
245 13 - TITLE STATEMENT
Title El cristianismo :
Remainder of title veinte siglos de la historia /
Statement of responsibility, etc. Henry Chadwick y G. R. Evans.
260 #1 - PUBLICATION, DISTRIBUTION, ETC.
Place of publication, distribution, etc. Barcelona : :
Name of publisher, distributor, etc. Folio,,
Date of publication, distribution, etc. 1994.
300 ## - PHYSICAL DESCRIPTION
Extent 2 v.
505 8# - FORMATTED CONTENTS NOTE
Formatted contents note v.1: La iglesia primitiva.--La iglesia medieval.--Ser un peregrino.--Reforma y reacción.--v.2: Reforma y reacción (Continuacion).--La tradicion cristiana.--El mundo cristiano actual.--Articulos especiales
650 14 - SUBJECT ADDED ENTRY--TOPICAL TERM
Topical term or geographic name entry element Cristianismo
Form subdivision Historia.
700 1# - ADDED ENTRY--PERSONAL NAME
Personal name Evans, G. R.
908 ## - PUT COMMAND PARAMETER (RLIN)
Put command parameter 160627
942 ## - ADDED ENTRY ELEMENTS (KOHA)
Koha item type Diccionarios
Classification part R200.9
Item part C41c
Existencias
Withdrawn status Lost status Source of classification or shelving scheme Damaged status Not for loan Collection Home library Current library Shelving location Date acquired Inventory number Total checkouts Full call number Barcode Date last seen Copy number Price effective from Koha item type Public note
    Dewey Decimal Classification     Referencia Miguel Henríquez Castañeda Miguel Henríquez Castañeda   06/22/2017 000125   R200.9 C41c 000125 03/29/2025 1 03/29/2025 Diccionarios 200-RELIGI
    Dewey Decimal Classification       Miguel Henríquez Castañeda Miguel Henríquez Castañeda   04/09/2025 000126   200.9 C41c 000126 04/09/2025 2 04/09/2025 Diccionarios 200-RELIGI